• 首页
  • 本馆介绍
  • 公告通知
  • 最新文献
  • 馆藏检索
  • 电子资源
  • 读者导购
  • 参考咨询
  • 我的图书馆
  • 登录
  • 详细信息显示
  • 放入我的书架
  • 预约/预借图书
  • 作者相关作品
  • 分类相关作品
  • 丛书相关作品
  • 出版社相关作品

书目信息

  • 表格格式
  • 工作单格式
  • 卡片格式
题名:
畅游台湾就这本最棒!
    
 
作者: ;畅游台湾编辑部 编著
分册:  
出版信息: 北京   华夏出版社  2015
页数: 211页
开本: 22cm
丛书名:
单 册:
中图分类: K928.958
科图分类:
主题词: 旅游指南--台湾
电子资源:
ISBN: 978-7-5080-7935-6
000 00873nam0 2200229 450
001 012001002234
005 20140926114740.0
010    @a978-7-5080-7935-6@dCNY49.80
100    @a20150712d2015 em y0chiy50 ea
101 0  @achi
102    @aCN@b110000
105    @aa z 001yy
106    @ar
200 1  @a畅游台湾就这本最棒!@9chang you tai wan jiu zhe ben zui bang!@f《畅游台湾》编辑部编著
210    @a北京@c华夏出版社@d2015
215    @a211页@c照片@d22cm
330    @a本书全面解说台湾概况、签证最新资讯、热门景点信息、购物场所、美食天地等,更有小贴士告知旅游景点的地理位置、开放时间、交通、门票、推荐等级,还配有全彩实景照片,方便您为自己的私人旅行订制一套完美计划。
606 0  @a旅游指南@y台湾
690    @aK928.958@v5
711 02 @a畅游台湾编辑部@9chang you tai wan bian ji bu@4编著
801  0 @aCN@b上海新华@c20180901
905    @b1157695-9@dK928.958@e1098@f5
    
    畅游台湾就这本最棒!/《畅游台湾》编辑部编著.-北京:华夏出版社,2015
    211页:照片;22cm
    
    
    ISBN 978-7-5080-7935-6:CNY49.80
    本书全面解说台湾概况、签证最新资讯、热门景点信息、购物场所、美食天地等,更有小贴士告知旅游景点的地理位置、开放时间、交通、门票、推荐等级,还配有全彩实景照片,方便您为自己的私人旅行订制一套完美计划。
●
相关链接 在E读中查询图书 在五车中查询图书 在当当中查询图书 在豆瓣中查询图书


正题名:畅游台湾就这本最棒!     索取号:K928.958/1098         预约/预借

序号 登录号 条形码 馆藏地/架位号 状态 备注
1 1157695   211576953   第二样本阅览室/ [索取号:K928.958/1098] 在馆    
2 1157696   211576962   资源管理系资料室/ [索取号:K928.958/1098] 在馆    
3 1157697   211576971   第二借阅区/ [索取号:K928.958/1098] 在馆    
4 1157698   211576980   第二借阅区/ [索取号:K928.958/1098] 在馆    
5 1157699   211576999   第二借阅区/ [索取号:K928.958/1098] 在馆    
唐山师范学院图书馆 欢迎您!
大连网信软件有限公司© 版权所有